000 00620nam a22002177a 4500
003 OSt
005 20171104105922.0
008 140630b xxu||||| |||| 00| 0 eng d
020 _a9-7818-4592-4645
040 _aLDCLIB
_cLDCLIB
082 _222
_a343.02
_bELL
245 _aRevenue Law :
_c edited by Natalie Lee.
_bprinciples and practice /
250 _a25th ed.
260 _aWest Sussex :
_bTottel publishing,
_c2007.
300 _alxx, 1530 p. ;
_c24 cm.
500 _aIncludes Index.
650 _aRevenue law
650 _aRevenue law
_xprinciples and practice
700 _aLee, Natalie.
942 _2ddc
_cBK
999 _c5933
_d5933